| 000 | 00927 a2200229 4500 | ||
|---|---|---|---|
| 003 | Nust | ||
| 005 | 20170207154045.0 | ||
| 010 | _a 00065222 | ||
| 020 | _a0333731727 | ||
| 040 | _cNust | ||
| 082 | 0 | 0 | _a355.033 |
| 100 | 1 | _aAyesha Siddiqa-Agha. | |
| 245 | 0 | 0 |
_aPakistan's arms procurement and military build-up, 1979-99 (E-Book) _bin search of a policy / _cAyesha Siddiqa-Agha. |
| 260 |
_aHoundmills, Basingstoke, Hampshire ; _aNew York : _bPalgrave, _cc2001. |
||
| 300 |
_axvi, 231 p. : _bmap ; _c23 cm. |
||
| 650 | 0 |
_aDefense industries _zPakistan. |
|
| 651 | 0 |
_a(E-Book) _xMilitary policy. |
|
| 651 | 0 |
_aPakistan _xArmed Forces _xProcurement. |
|
| 856 | 4 | 2 |
_3Contributor biographical information _uhttp://www.loc.gov/catdir/bios/hol059/00065222.html |
| 856 | 4 | 2 |
_3Publisher description _uhttp://www.loc.gov/catdir/description/hol051/00065222.html |
| 856 | 4 | 2 |
_3Table of contents _uhttp://www.loc.gov/catdir/toc/hol051/00065222.html |
| 942 |
_2ddc _cBK |
||
| 999 |
_c192862 _d192862 |
||